[Event "Svetla nad Sazavou Mares Memorial"]
[Site "Svetla nad Sazavou"]
[Date "2023.12.29"]
[Round "4"]
[White "Hejda, Ondrej"]
[Black "Vranova, Zdenka"]
[Result "0-1"]
[WhiteElo "1453"]
[BlackElo "1861"]
[PlyCount "64"]
[EventDate "2023.12.29"]
[EventType "swiss"]
[EventRounds "9"]
[EventCountry "CZE"]
[SourceTitle "CB02_2024"]
[SourceDate "2024.01.10"]
[SourceVersion "1"]
[SourceVersionDate "2024.01.10"]
[SourceQuality "1"]

1. e4 e5 2. Nf3 Nf6 3. Nc3 d6 4. Bc4 Be7 5. d3 c6 6. Bd2 Nbd7 7. 0-0 0-0 8. Qe2 b5 9. Bb3 Nc5 10. Be3 Nxb3 11. axb3 a5 12. Rfd1 Qc7 13. d4 Ba6 14. Qd2 b4 15. Ne2 Nxe4 16. Qc1 Nf6 17. dxe5 dxe5 18. c3 Bxe2 19. Rd2 Bxf3 20. gxf3 Qc8 21. Re2 Qh3 22. f4 e4 23. Rb1 Ng4 24. f3 exf3 25. Rc2 c5 26. cxb4 cxb4 27. Qd2 Bh4 28. Rf1 Rad8 29. Qc1 Rfe8 30. Bb6 Ra8 31. Qd1 f2+ 32. Bxf2 Bxf2+ 0-1

[Event "CZE-ch U14"]
[Site "Herlikovice"]
[Date "2021.10.27"]
[Round "5"]
[White "Hejda, Ondrej"]
[Black "Sedmihradsky, Tomas"]
[Result "0-1"]
[WhiteElo "1281"]
[BlackElo "1309"]
[PlyCount "52"]
[EventDate "2021.10.23"]
[EventType "swiss"]
[EventRounds "9"]
[EventCountry "CZE"]
[SourceTitle "EXT 2023"]
[Source "ChessBase"]
[SourceDate "2022.10.05"]
[SourceVersion "1"]
[SourceVersionDate "2022.10.05"]
[SourceQuality "1"]

1. e4 e6 2. d4 d5 3. exd5 exd5 4. Nf3 Bg4 5. c4 Nf6 6. Nc3 c6 7. Bd3 Bd6 8. h3 Bh5 9. 0-0 0-0 10. Bg5 Nbd7 11. cxd5 cxd5 12. Nxd5 h6 13. Bxf6 Nxf6 14. Nc3 Rc8 15. Re1 Bb4 16. g4 Bg6 17. Bxg6 fxg6 18. Qb3+ Kh7 19. Qxb4 Nd5 20. Nxd5 Rxf3 21. Ne3 Qh4 22. Qd2 Rxh3 23. Kf1 Rf8 24. Ng2 Rh1+ 25. Ke2 Rxf2+ 26. Kd3 Rxd2+ 0-1